| 000 | 01281nam0a2200349 4500 | ||
|---|---|---|---|
| 001 | RU\NLR\bibl\1837559 | ||
| 005 | 20260405100811.0 | ||
| 010 |
_a978-5-91265-044-4 _91000 |
||
| 021 |
_aRU _b2011-86006 _96136 |
||
| 035 | _a(NLR Aleph) 001828032 | ||
| 090 |
_a2098767 _c2098767 |
||
| 100 | _a20111122d2011 |||y0rusy50 ca | ||
| 101 | 0 | _arus | |
| 102 | _aRU | ||
| 105 | _ay ||||||||| | ||
| 200 | 1 |
_aОбречены проиграть _e(власть и оппозиция 1922-1934) _fСкоркин К.В. |
|
| 210 |
_aМосква _cVividArt _d2011 |
||
| 215 |
_a890, [1] с. _d24 |
||
| 300 | _aНа обл. авт. не указан | ||
| 320 | _aБиблиогр. в подстроч. прим. | ||
| 320 | _aДр. кн. авт. на обороте тит. л. | ||
| 606 | 1 |
_aТроцкизм _91031328 _3RU\NLR\auth\66395652 |
|
| 607 |
_aСССР _xПолитическая борьба _z1920 - 1930-ые гг. _92318794 _3RU\NLR\auth\661387333 |
||
| 686 | _aФ68(0)1 | ||
| 686 | _aТ3(2)7-3 | ||
| 700 | 1 |
_4070 _8rus _7ca _aСкоркин _bК. В. _f1955- _gКонстантин Владиславович _3RU\NLR\auth\7736884 _919873 |
|
| 801 | 0 |
_aRU _bNLR _c20111122 _gRCR |
|
| 801 | 1 |
_aRU _bNLR _c20111122 |
|
| 942 | _cBOOK | ||
| 980 | _aNB | ||
| 980 | _aNBR | ||